Signe normes practiques de gramatica catalana / (Record no. 84436)

MARC details
000 -LEADER
campo de control de longitud fija 00674nam a2200205 i 4500
001 - NÚMERO DE CONTROL
campo de control 84436
003 - IDENTIFICADOR DE NÚMERO DE CONTROL
campo de control ES-MaACL
005 - FECHA Y HORA DE LA ÚLTIMA TRANSACCIÓN
campo de control 20230906175021.0
007 - CAMPO FIJO DE DESCRIPCIÓN FÍSICA--INFORMACIÓN GENERAL
campo de control de longitud fija t|
008 - DATOS DE LONGITUD FIJA--INFORMACIÓN GENERAL
campo de control de longitud fija 041122s1962 sp ||||1| cat d
100 1# - ENTRADA PRINCIPAL--NOMBRE DE PERSONA
Nombre de persona Jané, Albert.
9 (RLIN) 65996
245 10 - MENCIÓN DEL TÍTULO
Título Signe normes practiques de gramatica catalana /
Mención de responsabilidad, etc. redactades per Albert Jané amb Josef Ibáñez, Enric Gual i Mª Eugenia Dalmau.
260 ## - PUBLICACIÓN, DISTRIBUCIÓN, ETC.
Lugar de publicación, distribución, etc. [Barcelona :
Nombre del editor, distribuidor, etc. s.n.,
Fecha de publicación, distribución, etc. 1962]
300 ## - DESCRIPCIÓN FÍSICA
Extensión 179 p. ;
Dimensiones 21 cm.
650 #4 - PUNTO DE ACCESO ADICIONAL DE MATERIA--TÉRMINO DE MATERIA
Término de materia o nombre geográfico como elemento de entrada Lengua catalana-
Subdivisión general Gramática.
9 (RLIN) 14105
700 1# - ENTRADA AGREGADA--NOMBRE PERSONAL
Nombre de persona Ibáñez, Josep.
9 (RLIN) 64908
700 1# - ENTRADA AGREGADA--NOMBRE PERSONAL
Nombre de persona Gual, Eric.
9 (RLIN) 60282
700 1# - ENTRADA AGREGADA--NOMBRE PERSONAL
Nombre de persona Dalmau, María Eugenia.
9 (RLIN) 42516
852 ## - LOCALIZACIÓN
Ubicación ES-MaACL
Número de control de estantería C-21328
Sublocalización o colección R.49616
Holdings
Estatus retirado Estado de pérdida Estado de daño No para préstamo Biblioteca de origen Biblioteca actual Ubicación en estantería Fecha de adquisición Fuente de adquisición Total de préstamos Signatura topográfica completa Código de barras Visto por última vez Precio de reemplazo Tipo de ítem Koha
        Biblioteca del Ateneo de Madrid Biblioteca del Ateneo de Madrid Galería 17/01/2008     C-21328 1088239 23/02/2023 23/02/2023 Libro impreso